000 00652nam a2200217 a 4500
001 BRCA_3497
005 20190320204317.0
008 150709s1984----mx-a---###---#000-0#spa-#
020 _a9687266007
041 _aspa
044 _amx
050 4 _aN6554.M3
_b.F73 1984
245 1 0 _aFranz Mayer
_buna colección.
260 _aMéxico
_bBancreser
_c1984
300 _a323 p.
_bil. (algunas a color)
_c31 cm.
500 _aLa biblioteca cuenta con 9 ejemplares
600 1 4 _aMayer, Franz
_d1882-1975
_xColecciones de arte
_98327
650 1 4 _aArte
_vCatálogos
_zMéxico
_99100
650 1 4 _aArtes decorativas
_vCatálogos
_zMéxico
_94128
942 _2lcc
_cB
999 _c3232
_d3232